000
00317 a2200157 4500
001
183111
020
_a
040
_c
Magnum
100
_a
Jong, Erica
240
1
0
_a
Salve sua vida
_l
por
245
1
0
_a
Salve sua vida
300
_a
294
362
0
_a
1977
697
_a
LITERATURA GERAL ESTRANGEIRA
942
_c
BK
999
_c
183111
_d
183111